|
|
|
|
| LEADER |
00000nam0a2200000 4500 |
| 001 |
31640 |
| 005 |
20231030204533.0 |
| 010 |
|
|
|a 587140017
|
| 035 |
|
|
|a (RuTPU)RU\TPU\book\31930
|
| 035 |
|
|
|a BOOK00000009
|
| 090 |
|
|
|a 31640
|
| 100 |
|
|
|a 20011210d1992 km y0rusy50 ca
|
| 101 |
0 |
|
|a rus
|
| 102 |
|
|
|a RU
|
| 105 |
|
|
|a y z 000zy
|
| 200 |
1 |
|
|a Системные вызовы OC UNIX
|f С. В. Свиридов
|
| 210 |
|
|
|a Москва
|c Память
|d 1992
|
| 215 |
|
|
|a 94 с.
|
| 225 |
1 |
|
|a Память человека и компьютеров
|
| 320 |
|
|
|a Библиогр.: с. 91.
|
| 610 |
1 |
|
|a программирование
|
| 610 |
1 |
|
|a вычислительные машины
|
| 610 |
1 |
|
|a операционные системы
|
| 610 |
1 |
|
|a UNIX
|
| 675 |
|
|
|a 681.3.066
|v 3
|
| 700 |
|
1 |
|a Свиридов
|b С. В.
|g Сергей Владимирович
|
| 801 |
|
0 |
|a RU
|b 63413507
|c 20011210
|g PSBO
|
| 801 |
|
2 |
|a RU
|b 63413507
|c 20051116
|g PSBO
|
| 942 |
|
|
|c BK
|